00772nam a2200253 a 4500001001300000003000900013005001700022008004100039020002300080082001700103100001800120245006700138260003400205300000900239500003500248505002700283650002100310650001900331700001800350902000800368942000700376952011800383999001700501nice12345678IN_TiNIC20260116013339.0050524s1998 dela grp 000 0 eng  a8190019 c35000a907.202bSHO aShourie, Arun aEminent Historiansb Their Technology, Their Line, Their Fraud aDelhibASA Publicationsc1998 a271p aincludes index and biblioraphy2 a2 Volumes Bound in One aHistorians-India aHistoriography1 aShourie, Arun bSRS cBK 001040708StackRoom-aHMIbHMId2007-06-04g350.00l0o907.202 SHOp018692r2007-06-04v350.00w2005-05-24yBK c10646d10646